Kanan-shō no mengyō /
Saved in:
| Corporate Author: | |
|---|---|
| Format: | Book |
| Language: | Japanese |
| Published: |
Nankin :
Chūshi Kensetsu Shiryō Seibi Jimusho Henʾyakubu,
Shōwa 15 [1940]
|
| Series: | Henʾyaku ihō ;
dai 15-hen. |
| Subjects: | |
| Tags: |
Add Tag
No Tags, Be the first to tag this record!
|
| LEADER | 01706nam a2200385ui 4500 | ||
|---|---|---|---|
| 001 | 007773647-8 | ||
| 005 | 20024617121422.0 | ||
| 008 | 841207s1940 ja bd f000 0 jpn d | ||
| 035 | 0 | |a ocn123366892 | |
| 035 | 0 | |a ocm33544923 | |
| 040 | |a *LWU* |b jpn |c *LWU* |d OCoLC |d *YNH* |d CStRLIN | ||
| 110 | 1 | |6 880-01 |a Japan. |b Kōain. |b Kachū Renrakubu. |b Chūshi Kensetsu Shiryō Seibi Iinkai. | |
| 245 | 1 | 0 | |6 880-02 |a Kanan-shō no mengyō / |c Chūshi Kensetsu Shiryō Seibi Jimusho. |
| 260 | |6 880-03 |a Nankin : |b Chūshi Kensetsu Shiryō Seibi Jimusho Henʾyakubu, |c Shōwa 15 [1940] | ||
| 300 | |a 2, 2, 133 p. : |b maps (some folded), charts, tables (some folded) ; |c 23 cm. | ||
| 490 | 1 | |6 880-04 |a Henʾyaku ihō ; |v dai 15-hen | |
| 500 | |a Cover title. | ||
| 500 | |6 880-05 |a Hyōshi ni wa Chūshi Kensetsu Shiryō Seibi Iinkai to ari. | ||
| 500 | |6 880-06 |a Zenkoku Keizai Iinkai kan no honʾyaku. | ||
| 500 | |6 880-07 |a Hibaihin. | ||
| 500 | |6 880-08 |a Orikomizu 2-mai. | ||
| 653 | |6 880-09 |a Mengyō |a Kananshō. | ||
| 880 | 1 | |6 110-01 |a Japan. |b 興亞院. |b 華中連絡部. |b 中支建設資料整備委員會. | |
| 880 | 1 | 0 | |6 245-02 |a 河南省の棉業 / |c 中支建設資料整備事務所. |
| 880 | |6 260-03 |a 南京 : |b 中支建設資料整備事務所編譯部, |c 昭和15 [1940] | ||
| 880 | 1 | |6 490-04 |a 編譯彙報 ; |v 第15編 | |
| 880 | |6 500-05 |a 表紙には中支建設資料整備委員會とあり. | ||
| 880 | |6 500-06 |a 全國經濟委員會刊の翻譯. | ||
| 880 | |6 500-07 |a 非賣品. | ||
| 880 | |6 500-08 |a 折込圖2枚. | ||
| 880 | |6 653-09 |a 綿業 |a 河南省. | ||
| 830 | 0 | |6 880-54 |a Henʾyaku ihō ; |v dai 15-hen. | |
| 880 | 0 | |6 830-54 |a 編譯彙報 ; |v 第15編. | |
| 988 | |a 20021219 | ||
| 906 | |0 OCLC | ||


